Black coffee : (Record no. 533872)

000 -LEADER
fixed length control field 01353cam a2200349 a 4500
001 - CONTROL NUMBER
control field 3088027
003 - CONTROL NUMBER IDENTIFIER
control field Nust
005 - DATE AND TIME OF LATEST TRANSACTION
control field 20200123104117.0
008 - FIXED-LENGTH DATA ELEMENTS--GENERAL INFORMATION
fixed length control field 980409s1998 nyu 000 1 eng
010 ## - LIBRARY OF CONGRESS CONTROL NUMBER
LC control number 98021147
020 ## - INTERNATIONAL STANDARD BOOK NUMBER
International Standard Book Number 9780007299515
038 ## - RECORD CONTENT LICENSOR
Staff Name MSOHAIL
040 ## - CATALOGING SOURCE
Original cataloging agency DLC
Transcribing agency DLC
Modifying agency DLC
-- OCoLC
-- DLC
043 ## - GEOGRAPHIC AREA CODE
Geographic area code e-uk-en
050 00 - LIBRARY OF CONGRESS CALL NUMBER
Classification number PR6065.S15
Item number B58 1998
082 00 - DEWEY DECIMAL CLASSIFICATION NUMBER
Classification number 823.914
Author Mark CHR
100 1# - MAIN ENTRY--PERSONAL NAME
Personal name Osborne, Charles,
Dates associated with a name 1927-
9 (RLIN) 27893
245 10 - TITLE STATEMENT
Title Black coffee :
Remainder of title a Hercule Poirot novel /
Statement of responsibility, etc. by Agatha Christie ; adapted as a novel by Charles Osborne.
250 ## - EDITION STATEMENT
Edition statement 1st ed.
260 ## - PUBLICATION, DISTRIBUTION, ETC.
Place of publication, distribution, etc. New York :
Name of publisher, distributor, etc. St. Martin's Press,
Date of publication, distribution, etc. 1998.
300 ## - PHYSICAL DESCRIPTION
Extent 224 p. ;
Dimensions 25 cm.
600 10 - SUBJECT ADDED ENTRY--PERSONAL NAME
Personal name Poirot, Hercule
Titles and other words associated with a name (Fictitious character)
Form subdivision Fiction.
9 (RLIN) 11837
650 #0 - SUBJECT ADDED ENTRY--TOPICAL TERM
Topical term or geographic name entry element Defense information, Classified
Geographic subdivision England
Form subdivision Fiction.
9 (RLIN) 27894
650 #0 - SUBJECT ADDED ENTRY--TOPICAL TERM
Topical term or geographic name entry element Private investigators
Geographic subdivision England
Form subdivision Fiction.
9 (RLIN) 11838
651 #0 - SUBJECT ADDED ENTRY--GEOGRAPHIC NAME
Geographic name Surrey (England)
Form subdivision Fiction.
9 (RLIN) 27895
655 #7 - INDEX TERM--GENRE/FORM
Genre/form data or focus term Detective and mystery stories.
Source of term gsafd
9 (RLIN) 2977
700 1# - ADDED ENTRY--PERSONAL NAME
Personal name Christie, Agatha,
Dates associated with a name 1890-1976.
Title of a work Black coffee.
9 (RLIN) 27896
856 42 - ELECTRONIC LOCATION AND ACCESS
Materials specified Publisher description
Uniform Resource Identifier <a href="http://www.loc.gov/catdir/enhancements/fy0667/98021147-d.html">http://www.loc.gov/catdir/enhancements/fy0667/98021147-d.html</a>
906 ## - LOCAL DATA ELEMENT F, LDF (RLIN)
a 7
b cbc
c orignew
d 1
e ocip
f 19
g y-gencatlg
942 ## - ADDED ENTRY ELEMENTS (KOHA)
Source of classification or shelving scheme
Koha item type Book
Holdings
Withdrawn status Lost status Source of classification or shelving scheme Damaged status Not for loan Permanent Location Current Location Date acquired Total Checkouts Full call number Barcode Date last seen Price effective from Koha item type
          School of Civil and Environmental Engineering (SCEE) School of Civil and Environmental Engineering (SCEE) 01/23/2020   823.914 CHR NIT-9388 01/23/2020 01/23/2020 Book
© 2023 Central Library, National University of Sciences and Technology. All Rights Reserved.